• 首页
  • 本馆介绍
  • 公告通知
  • 最新文献
  • 馆藏检索
  • 电子资源
  • 读者导购
  • 参考咨询
  • 我的图书馆
  • 登录
  • 详细信息显示
  • 放入我的书架
  • 预约/预借图书
  • 作者相关作品
  • 分类相关作品
  • 丛书相关作品
  • 出版社相关作品

书目信息

  • 表格格式
  • 工作单格式
  • 卡片格式
题名:
文艺修养与鉴赏
    
 
作者: ;上海人民出版社 编
分册:  
出版信息: 上海   上海人民出版社  1982
页数: 226页
开本: 19cm
丛书名: 青年之友丛书
单 册:
中图分类: I06 , D432-5
科图分类:
主题词: 文艺鉴赏学 , 青年运动 , 青年组织 , 学生运动 , 学生组织
电子资源:
ISBN:
000 00856nam2 2200325 45
001 0182004579
005 20040424102458.6
010    @dCNY0.57
091    @a3074.545
100    @a19950124d1982 em y0chiy0121 ea
101 0  @achi
102    @aCN@b310000
105    @ay z 000zy
106    @ar
200 10 @a文艺修养与鉴赏@Awen yi xiu yang yu jian shang@f上海人民出版社编
210    @a上海@c上海人民出版社@d1982
215    @a226页@d19cm
225 2  @a青年之友丛书
410  0 @120010@a青年之友丛书
606    @a文艺鉴赏学
606 0  @a青年运动
606 0  @a青年组织
606 0  @a学生运动
606 0  @a学生组织
690    @aI06@v3
690    @aD432-5
711 02 @a上海人民出版社@Ashang hai ren min chu ban she@4编
801  0 @aCN@b上海图书馆@c20040424
801  2 @aCN@bNLC@c20040424
905    @f2@b82458-459@f1@b82456@dD432-5@e51
    
    文艺修养与鉴赏/上海人民出版社编.-上海:上海人民出版社,1982
    226页;19cm.-(青年之友丛书)
    
    
    ISBN :CNY0.57
    
●
相关链接 在E读中查询图书 在五车中查询图书 在当当中查询图书 在豆瓣中查询图书


正题名:文艺修养与鉴赏     索取号:D432-5/51         预约/预借

序号 登录号 条形码 馆藏地/架位号 状态 备注
1 0082456   000382044   第一样本阅览室/ [索取号:D432-5/51] 在馆    
2 0082458   000382053   密集书库/ [索取号:D432-5/51] 在馆    
3 0082459   000382062   密集书库/ [索取号:D432-5/51] 在馆    
唐山师范学院图书馆 欢迎您!
大连网信软件有限公司© 版权所有